1580 1755 1833 1682 1278 1068 1943 1301 1775 1337 1029 1458 1778 1076 1871 1615 1568 1152 1991 1979 1282 1105 1554 1929 1417 1631 1128 1500 1905 1708 1885 1224 1693 1853 1210 1952 1878 1718 1465 1761 1913 1328 1480 1948 1404 1159 1979 1741 1761 1354 1423 1464 1363 1734 1830 1710 1886 1784 1866 1751 1387 1559 1294 1036 1892 1025 1697 1617 1672 1889 1845 1243 1636 1096 1758 1773 1758 1510 1630 1106 1938 1838 1623 1694 1805 1796 1180 1379 1066 1318 1323 1970 1421 1133 1026 1574 1372 1597 1865 BCNSPRNW ULIB Ver.6.0+V

เปลี่ยนเป็นภาษาไทย

Change to English
 แสดงรายละเอียดบรรณานุกรม
  กลับหน้าหลัก

Brief Record : Get Marc (ISO 2709) : E-mail record : QR code < ปิดหน้าต่าง
LEADER : 00000nam 2200000uu 4500
001    13399114599
003     ULIB
008    110627s2550||||th 000 0 tha d
090    นว.^b
100 0  เมแกน วาเลน เทอร์เนอร์
245 00 ราชันแห่งแอตโทเลีย/^cเมแกน วาเลน เทอร์เนอร์
260    กรุงเทพฯ :^bอัมรินทร์,^c2550
710 1  อัมรินทร์
945    ^p0^l0^i022054
995    ทศพร
999 ^a ใช้งานได้ทุกระบบ
รายการนี้ยังไม่มีแท็ก
คุณยังไม่ได้ล็อกอิน คุณสามารถมีกิจกรรมร่วมกับเว็บไซต์ได้ แต่ต้องล็อกอินก่อน ::
  ล็อกอิน

รายการสื่อสารสนเทศ

ลำดับที่ ประเภท เลขเรียก/บาร์โค้ด สถานที่ สถานะ
1. นวนิยาย
นวนิยาย
นว. ฉ.1 
  Barcode: 022054
ห้องสมุดวิทยาเขตสวรรค์ประชารักษ์
►นวนิยาย
บนชั้น
  ขอยืม

รายการใกล้เคียง
    ผู้แต่ง [เมแกน วาเลน เทอร์เนอร์]

BibComment


ยังไม่เคยถูกคอมเมนท์

คอมเมนท์ทรัพยากรรายการนี้
  คอมเมนท์: ราชันแห่งแอตโทเลี..


 Copyright 2026. Bcnsprnw @Library